Tsinghua China Law Review

Detalles Bibliográficos
Formato: eBook
Lenguaje:inglés
Publicado: Pekn̕: Tsinghua Law School, 2009 -
Materias:
Acceso en línea:Acceso restringido

MARC

LEADER 00000nam a22000007a 4500
005 20200302233628.0
007 cr|||| ||||
008 200302c20099999cn fr|w s|||| 0|||a1eng d
035 |a 30981 
040 |a vLex 
090 |c 10154  |d 10154 
245 0 0 |a Tsinghua China Law Review  |h [Recurso electrn̤ico] / 
256 |a Servicio en ln̕ea 
260 |a Pekn̕:  |b Tsinghua Law School,  |c 2009 - 
300 |a 1 recurso electrn̤ico 
310 |a Semestral 
362 |a Nð 1-1 (Jun. 2009) - 
506 1 |a Disponible solo en los productos indicados  |d vLex Global  |d vLex Global (Academic Edition, excluding Law Schools)  |d vLex Global (U.S. Academic Edition, Law Schools)  |d vLex Global (U.S. Academic Edition, excluding Law Schools)  |d vLex Global (Academic Edition, Law Schools) 
650 0 4 |a Derecho Civil  |z China 
740 0 |a vLex Revistas (Servicio en ln̕ea) 
856 4 0 |u http://vlex.com/source/tsinghua-china-law-review-30981  |z Acceso restringido 
942 |c REV 
999 0 |a Civil Law